| 000 | 00343nam a2200133Ia 4500 | ||
|---|---|---|---|
| 008 | 240624s9999 xx 000 0 und d | ||
| 041 | _aeng | ||
| 082 | _a658.8 ELL | ||
| 100 | _aELLWOOD IAIN | ||
| 245 | _aMARKETING FOR GROWTH THE ROLE OF MARKETE | ||
| 260 |
_c2014 _aNew York _bPublicAffairs |
||
| 300 | _axi, 210 p.; 23 cm. | ||
| 365 |
_c _b33 |
||
| 999 |
_c32326 _d32326 |
||